|
|
|
|
| LEADER |
00000nam0a2200000 4500 |
| 001 |
279527 |
| 005 |
20231031232110.0 |
| 035 |
|
|
|a (RuTPU)RU\TPU\book\302820
|
| 090 |
|
|
|a 279527
|
| 100 |
|
|
|a 20141220d1985 k y0rusy50 ca
|
| 101 |
0 |
|
|a rus
|
| 102 |
|
|
|a RU
|
| 105 |
|
|
|a a z 001zy
|
| 200 |
1 |
|
|a Новые материалы для буровых растворов
|e сборник научных трудов
|f Всесоюзный научно-исследовательский институт по креплению скважин и буровым растворам (ВНИИКРнефть) ; под ред. А. И. Пенькова
|
| 210 |
|
|
|a Краснодар
|c Изд-во ВНИИКРнефть
|d 1985
|
| 215 |
|
|
|a 136 с.
|c ил.
|
| 320 |
|
|
|a Библиогр. в конце ст.
|
| 606 |
1 |
|
|a Буровые растворы,промывочные
|2 stltpush
|3 (RuTPU)RU\TPU\subj\30607
|
| 610 |
1 |
|
|a материалы
|
| 610 |
1 |
|
|a пласты
|
| 610 |
1 |
|
|a вскрытия
|
| 610 |
1 |
|
|a промывочные жидкости
|
| 610 |
1 |
|
|a поверхностно-активные вещества
|
| 610 |
1 |
|
|a известково-битумные растворы
|
| 610 |
1 |
|
|a пластовые воды
|
| 610 |
1 |
|
|a структурно-механические свойства
|
| 610 |
1 |
|
|a глинопорошки
|
| 610 |
1 |
|
|a применение
|
| 675 |
|
|
|a 622.244.4
|v 4
|
| 702 |
|
1 |
|a Пеньков
|b А. И.
|4 340
|
| 712 |
0 |
2 |
|a Всесоюзный научно-исследовательский институт по креплению скважин и буровым растворам (ВНИИКРнефть)
|c (Краснодар)
|2 stltpush
|3 (RuTPU)RU\TPU\col\11458
|
| 801 |
|
1 |
|a RU
|b 63413507
|c 20141220
|
| 801 |
|
2 |
|a RU
|b 63413507
|c 20170418
|g RCR
|
| 942 |
|
|
|c BK
|